000 00644nam a2200241Ia 4500
003 OSt
005 20230502121606.0
008 210423s2012 xx 000 0 und d
020 _a9780198091783
040 _cAL
041 _aeng
082 _a333.7
_223
_bKOLC
100 _aKOLSTAD (Charles D)
_995927
245 _aIntermediate environmental economics
250 _a2
260 _aNew Delhi
_bOxford University Press
_c2012
300 _aix,470
_bPB
365 _b550
_cINR
650 _aEconomics
_995928
650 _aNatural Resources & Energy
_995929
906 _aeconomics ; environmental ; Intermediate
942 _2ddc
_cBK
999 _c161444
_d161444